Random Sequential Countries on the World Map - Sudden Death - Statistics

General Stats
  • This quiz has been taken 1,285 times
  • The average score is 21 of 196
Answers on the Map
Answers color-coded by a green-red scale on the quiz's map according to % correct below.
 
Answer Stats
Country % Correct
Mexico
16%
Taiwan
16%
New Zealand
15%
Norway
15%
Tunisia
15%
Algeria
14%
Argentina
14%
Austria
14%
Canada
14%
Cuba
14%
El Salvador
14%
Eritrea
14%
France
14%
Germany
14%
Haiti
14%
Japan
14%
Mali
14%
Mongolia
14%
Morocco
14%
Mozambique
14%
Namibia
14%
Papua New Guinea
14%
Republic of the Congo
14%
São Tomé and Príncipe
14%
Sri Lanka
14%
Ukraine
14%
Afghanistan
13%
Albania
13%
Bhutan
13%
Botswana
13%
Burundi
13%
Cameroon
13%
Central African Republic
13%
Chad
13%
Gambia
13%
Guatemala
13%
Guyana
13%
Iraq
13%
Ireland
13%
Italy
13%
Jamaica
13%
Kuwait
13%
Laos
13%
Malawi
13%
Nepal
13%
Netherlands
13%
Panama
13%
Philippines
13%
Saudi Arabia
13%
Suriname
13%
Switzerland
13%
United Kingdom
13%
United States
13%
Venezuela
13%
Zimbabwe
13%
Bahamas
12%
Belize
12%
Bosnia and Herzegovina
12%
Brazil
12%
Burkina Faso
12%
Chile
12%
China
12%
Egypt
12%
Ethiopia
12%
Gabon
12%
Georgia
12%
Hungary
12%
India
12%
Iran
12%
Jordan
12%
Kazakhstan
12%
Madagascar
12%
Malaysia
12%
Moldova
12%
Qatar
12%
Sierra Leone
12%
South Africa
12%
Sudan
12%
Syria
12%
Benin
11%
Costa Rica
11%
Democratic Republic of the Congo
11%
Denmark
11%
Ecuador
11%
Equatorial Guinea
11%
Finland
11%
Ghana
11%
Guinea
11%
Iceland
11%
Indonesia
11%
Israel
11%
Ivory Coast
11%
Kiribati
11%
Kyrgyzstan
11%
Lebanon
11%
Lesotho
11%
Luxembourg
11%
Mauritania
11%
Peru
11%
Russia
11%
Senegal
11%
Slovakia
11%
Slovenia
11%
Somalia
11%
Sweden
11%
Thailand
11%
Turkey
11%
Vietnam
11%
Yemen
11%
Zambia
11%
Andorra
10%
Angola
10%
Australia
10%
Bangladesh
10%
Belarus
10%
Belgium
10%
Bolivia
10%
Cape Verde
10%
Colombia
10%
Croatia
10%
Cyprus
10%
Dominican Republic
10%
East Timor
10%
Estonia
10%
Eswatini
10%
Federated States of Micronesia
10%
Greece
10%
Honduras
10%
Kenya
10%
Latvia
10%
Myanmar
10%
Niger
10%
North Korea
10%
North Macedonia
10%
Oman
10%
Pakistan
10%
Palau
10%
Poland
10%
Portugal
10%
Romania
10%
Spain
10%
Tanzania
10%
Togo
10%
Uganda
10%
Uruguay
10%
Azerbaijan
9%
Brunei
9%
Bulgaria
9%
Cambodia
9%
Fiji
9%
Liberia
9%
Libya
9%
Marshall Islands
9%
Montenegro
9%
Paraguay
9%
Serbia
9%
Singapore
9%
Solomon Islands
9%
South Korea
9%
South Sudan
9%
Turkmenistan
9%
United Arab Emirates
9%
Vanuatu
9%
Armenia
8%
Comoros
8%
Czech Republic
8%
Djibouti
8%
Malta
8%
Monaco
8%
Nicaragua
8%
Rwanda
8%
San Marino
8%
Tajikistan
8%
Trinidad and Tobago
8%
Antigua and Barbuda
7%
Bahrain
7%
Kosovo
7%
Liechtenstein
7%
Lithuania
7%
Maldives
7%
Mauritius
7%
Nauru
7%
Nigeria
7%
Samoa
7%
Tuvalu
7%
Uzbekistan
7%
Dominica
6%
Vatican City
6%
Grenada
5%
Guinea-Bissau
5%
Saint Kitts and Nevis
5%
Saint Vincent and the Grenadines
5%
Seychelles
5%
Barbados
4%
Tonga
4%
Saint Lucia
3%
No matching quizzes found
Score Distribution
Percent of People with Each Score
Percentile by Number Answered
Your Score History
You have not taken this quiz